Contribución al estudio de los cuerpos intermedios : (Record no. 47115)
[ view plain ]
| 000 -LEADER | |
|---|---|
| campo de control de longitud fija | 00808nam a2200229 i 4500 |
| 001 - NÚMERO DE CONTROL | |
| campo de control | 47115 |
| 003 - IDENTIFICADOR DE NÚMERO DE CONTROL | |
| campo de control | ES-MaACL |
| 005 - FECHA Y HORA DE LA ÚLTIMA TRANSACCIÓN | |
| campo de control | 20250717065627.0 |
| 007 - CAMPO FIJO DE DESCRIPCIÓN FÍSICA--INFORMACIÓN GENERAL | |
| campo de control de longitud fija | t| |
| 008 - DATOS DE LONGITUD FIJA--INFORMACIÓN GENERAL | |
| campo de control de longitud fija | 030403s1968 sp ||||1| spa d |
| 080 ## - NÚMERO DE LA CLASIFICACIÓN DECIMAL UNIVERSAL | |
| Número de la Clasificación Decimal Universal | 304(04) |
| 111 2# - ENTRADA PRINCIPAL--NOMBRE DE CONGRESO/REUNIÓN | |
| Nombre de congreso/reunión o jurisdicción como elemento de entrada | Reunión de Amigos de la Ciudad Católica ( |
| Número del congreso/reunión o número de parte o sección | 6ª. |
| Fecha del congreso o de la firma del tratado | 1967. |
| Sede del congreso/Lugar de la reunión | Madrid) |
| 9 (RLIN) | 173828 |
| 245 10 - MENCIÓN DEL TÍTULO | |
| Título | Contribución al estudio de los cuerpos intermedios : |
| Resto del título | actas de la VI Reunión de amigos de la Ciudad Católica, Madrid 28-29 octubre 1967. |
| 260 ## - PUBLICACIÓN, DISTRIBUCIÓN, ETC. | |
| Lugar de publicación, distribución, etc. | [Madrid : |
| Nombre del editor, distribuidor, etc. | Speiro, |
| Fecha de publicación, distribución, etc. | 1968] |
| 300 ## - DESCRIPCIÓN FÍSICA | |
| Extensión | 252 p. ; |
| Dimensiones | 21 cm. |
| 594 ## - Nota al título y mención de responsabilidad | |
| Nota al título y mención de responsabilidad | Precede al tít.: Francisco Canals Vidal ... [et al.] |
| 650 #7 - PUNTO DE ACCESO ADICIONAL DE MATERIA--TÉRMINO DE MATERIA | |
| Término de materia o nombre geográfico como elemento de entrada | Problemas sociales |
| Fuente del encabezamiento o término | embne |
| 9 (RLIN) | 16415 |
| 700 1# - ENTRADA AGREGADA--NOMBRE PERSONAL | |
| Nombre de persona | Canals Vidal, Francisco. |
| 9 (RLIN) | 34419 |
| 852 4# - LOCALIZACIÓN | |
| Ubicación | ES-MaACL |
| Número de control de estantería | C-49974 |
| 852 4# - LOCALIZACIÓN | |
| Ubicación | ES-MaACL |
| Número de control de estantería | C-45681 |
| Estatus retirado | Estado de pérdida | Estado de daño | No para préstamo | Biblioteca de origen | Biblioteca actual | Ubicación en estantería | Fecha de adquisición | Fuente de adquisición | Total de préstamos | Signatura topográfica completa | Código de barras | Visto por última vez | Precio de reemplazo | Tipo de ítem Koha |
|---|---|---|---|---|---|---|---|---|---|---|---|---|---|---|
| Biblioteca del Ateneo de Madrid | Biblioteca del Ateneo de Madrid | Depósito 2 | 17/01/2008 | C-45681 | 1049558 | 23/02/2023 | 23/02/2023 | Libro impreso | ||||||
| Biblioteca del Ateneo de Madrid | Biblioteca del Ateneo de Madrid | Depósito 2 | 17/01/2008 | C-49974 | 1049557 | 23/02/2023 | 23/02/2023 | Libro impreso |
